All-Time Dutch Football Honours - Statistics

General Stats
  • This quiz has been taken 351 times
  • The average score is 14 of 23
Answer Stats
Answer % Correct
Ajax
100%
Feyenoord
98%
PSV
98%
AZ
85%
Twente
84%
Utrecht
78%
Groningen
72%
Sparta
72%
Vitesse
69%
Heerenveen
68%
ADO Den Haag
64%
Willem II
60%
NAC Breda
59%
PEC Zwolle
57%
Go Ahead
52%
Heracles
47%
Roda JC Kerkrade
46%
VVV-Venlo
46%
Fortuna Sittard
38%
Den Bosch
28%
Eindhoven
27%
Dordrecht
23%
Telstar
16%
No matching quizzes found
Score Distribution
Percent of People with Each Score
Percentile by Number Answered
Your Score History
You have not taken this quiz